000 00213nam a2200097Ia 4500
008 190216s9999||||xx |||||||||||||| ||und||
100 _aNull
245 0 _aHindi-Prakash Bi Shajith He
260 _bNull
942 _cBK
999 _c18139
_d18139